The Uganda living law journal Vol.1 No.2 2003/. (Record no. 4915)

MARC details
000 -LEADER
fixed length control field 01590cas a2200409 a 4500
001 - CONTROL NUMBER
control field 13514330
003 - CONTROL NUMBER IDENTIFIER
control field OSt
005 - DATE AND TIME OF LATEST TRANSACTION
control field 20120109131539.0
008 - FIXED-LENGTH DATA ELEMENTS--GENERAL INFORMATION
fixed length control field 040305c20039999ug fr p gw f0 0eng
010 ## - LIBRARY OF CONGRESS CONTROL NUMBER
LC control number 2003406896
022 ## - INTERNATIONAL STANDARD SERIAL NUMBER
Incorrect ISSN 1729-4672
035 ## - SYSTEM CONTROL NUMBER
System control number (OCoLC)ocm54536017
037 ## - SOURCE OF ACQUISITION
Source of stock number/acquisition The Chairman, Uganda Law Reform Commission, 8th Floor, Workers' House, Plot no. 1 Pilkington Road, P.O. Box 12149, Kampala, Uganda
040 ## - CATALOGING SOURCE
Original cataloging agency DLC
Transcribing agency DLC
Modifying agency MiEM
-- DLC
-- MH-L
-- OCoLC
-- IEN
042 ## - AUTHENTICATION CODE
Authentication code lc
043 ## - GEOGRAPHIC AREA CODE
Geographic area code f-ug---
050 00 - LIBRARY OF CONGRESS CALL NUMBER
Classification number K25
Item number .G373
082 ## - DEWEY DECIMAL CLASSIFICATION NUMBER
Classification number 348.0056761
245 04 - TITLE STATEMENT
Title The Uganda living law journal Vol.1 No.2 2003/.
260 ## - PUBLICATION, DISTRIBUTION, ETC. (IMPRINT)
Place of publication, distribution, etc Kampala, Uganda :
Name of publisher, distributor, etc Uganda Law Reform Commission,
Date of publication, distribution, etc c2003-
300 ## - PHYSICAL DESCRIPTION
Extent v. ;
Dimensions 24 cm.
310 ## - CURRENT PUBLICATION FREQUENCY
Current publication frequency Semiannual
362 0# - DATES OF PUBLICATION AND/OR SEQUENTIAL DESIGNATION
Dates of publication and/or sequential designation Vol. 1, no. 1 (June 2003)-
500 ## - GENERAL NOTE
General note "Journal of the Uganda Law Reform Commission."
500 ## - GENERAL NOTE
General note Title from cover.
500 ## - GENERAL NOTE
General note Latest issue consulted: Vol. 5, no. 1 (June 2007).
650 #0 - SUBJECT ADDED ENTRY--TOPICAL TERM
Topical term or geographic name as entry element Law
Geographic subdivision Uganda
Form subdivision Periodicals.
9 (RLIN) 6106
710 2# - ADDED ENTRY--CORPORATE NAME
Corporate name or jurisdiction name as entry element Uganda Law Reform Commission.
9 (RLIN) 5120
906 ## - LOCAL DATA ELEMENT F, LDF (RLIN)
a 7
b cbc
c serials
d 2
e ncip
f 20
g n-oclcserc
942 ## - ADDED ENTRY ELEMENTS (KOHA)
Source of classification or shelving scheme Dewey Decimal Classification
Koha item type Periodicals
Holdings
Withdrawn status Lost status Source of classification or shelving scheme Damaged status Not for loan Home library Current library Shelving location Date acquired Total Checkouts Full call number Barcode Date last seen Price effective from Koha item type
    Dewey Decimal Classification     Law Development Centre Main Library Archives Law Reports 01/09/2012   348.0056761 3492/2012 01/09/2012 01/09/2012 Periodicals
    Dewey Decimal Classification     Archives Archives   01/09/2012   348.0056761 3493/2012 01/09/2012 01/09/2012 Periodicals